<?xml version="1.0" encoding="UTF-8"?>
<collection xmlns="http://www.loc.gov/MARC21/slim">
<record>
  <controlfield tag="001">107936</controlfield>
  <controlfield tag="005">20211108144123.0</controlfield>
  <datafield tag="037" ind1=" " ind2=" ">
    <subfield code="a">TAZ-TFG-2021-3938</subfield>
  </datafield>
  <datafield tag="041" ind1=" " ind2=" ">
    <subfield code="a">spa</subfield>
  </datafield>
  <datafield tag="100" ind1="1" ind2=" ">
    <subfield code="a">Santamaría de la Fuente, Álvaro</subfield>
  </datafield>
  <datafield tag="242" ind1="0" ind2="0">
    <subfield code="a">Design and implementation of a distributed discrete event simulator with load balancing mechanisms</subfield>
  </datafield>
  <datafield tag="245" ind1="0" ind2="0">
    <subfield code="a">Diseño e implementación de un simulador distribuido de eventos discretos con mecanismos de balanceo de carga</subfield>
  </datafield>
  <datafield tag="260" ind1=" " ind2=" ">
    <subfield code="a">Zaragoza</subfield>
    <subfield code="b">Universidad de Zaragoza</subfield>
    <subfield code="c">2021</subfield>
  </datafield>
  <datafield tag="506" ind1=" " ind2=" ">
    <subfield code="a">by-nc-sa</subfield>
    <subfield code="b">Creative Commons</subfield>
    <subfield code="c">3.0</subfield>
    <subfield code="u">http://creativecommons.org/licenses/by-nc-sa/3.0/</subfield>
  </datafield>
  <datafield tag="520" ind1=" " ind2=" ">
    <subfield code="a">El análisis y comprensión del comportamiento de sistemas en el ámbito de la ingeniería ha cobrado una vital importancia en los últimos tiempos con el aumento exponencial de su tamaño y complejidad. Debido a ello, se hace muy complicado el hecho de crear prototipos o clones de un sistema para analizar su comportamiento o probar nuevas mejoras del mismo. &lt;br />Para dar solución a este problema, la simulación de sistemas permite reproducir el comportamiento de un sistema dinámico mediante la interpretación de un modelo que representa de manera fidedigna su funcionamiento.&lt;br />Sin embargo, para poder simular sistemas de gran tamaño y complejidad, se requiere que esta simulación y las herramientas que lo soportan sean escalables. Para ello, se ha abordado el desarrollo e implementación de un simulador distribuido que reproduce el comportamiento de un sistema de eventos discretos modelado por Redes de Petri, y además, se han incorporado mecanismos que sean capaces de redistribuir la carga de trabajo que soporta cada uno de los nodos que interviene en la simulación.&lt;br />Estos mecanismos de balanceo de la carga son el aspecto innovador que aporta este trabajo al campo de la simulación distribuida conservativa, ya que la solución propuesta de redistribuir la partición de modelo que recibe un nodo de simulación durante el proceso de simulación sin llegar a detenerla es novedosa, a pesar de que en otros trabajos anteriores se hayan abordado soluciones respecto al balanceo de la carga en simulaciones distribuidas&lt;br />&lt;br /></subfield>
  </datafield>
  <datafield tag="521" ind1=" " ind2=" ">
    <subfield code="a">Graduado en Ingeniería Informática</subfield>
  </datafield>
  <datafield tag="540" ind1=" " ind2=" ">
    <subfield code="a">Derechos regulados por licencia Creative Commons</subfield>
  </datafield>
  <datafield tag="700" ind1=" " ind2=" ">
    <subfield code="a">Arronategui Arribalzaga, Unai</subfield>
    <subfield code="e">dir.</subfield>
  </datafield>
  <datafield tag="700" ind1=" " ind2=" ">
    <subfield code="a">Colom Piazuelo, José Manuel</subfield>
    <subfield code="e">dir.</subfield>
  </datafield>
  <datafield tag="710" ind1="2" ind2=" ">
    <subfield code="a">Universidad de Zaragoza</subfield>
    <subfield code="b">Informática e Ingeniería de Sistemas</subfield>
    <subfield code="c">Lenguajes y Sistemas Informáticos</subfield>
  </datafield>
  <datafield tag="856" ind1="0" ind2=" ">
    <subfield code="f">756308@unizar.es</subfield>
  </datafield>
  <datafield tag="856" ind1="4" ind2=" ">
    <subfield code="s">849072</subfield>
    <subfield code="u">http://zaguan.unizar.es/record/107936/files/TAZ-TFG-2021-3938.pdf</subfield>
    <subfield code="y">Memoria (spa)</subfield>
  </datafield>
  <datafield tag="909" ind1="C" ind2="O">
    <subfield code="o">oai:zaguan.unizar.es:107936</subfield>
    <subfield code="p">driver</subfield>
    <subfield code="p">trabajos-fin-grado</subfield>
  </datafield>
  <datafield tag="950" ind1=" " ind2=" ">
    <subfield code="a"></subfield>
  </datafield>
  <datafield tag="980" ind1=" " ind2=" ">
    <subfield code="a">TAZ</subfield>
    <subfield code="b">TFG</subfield>
    <subfield code="c">EINA</subfield>
  </datafield>
  <datafield tag="999" ind1=" " ind2=" ">
    <subfield code="a">20210923134901.CREATION_DATE</subfield>
  </datafield>
  <datafield tag="951" ind1=" " ind2=" ">
    <subfield code="a">deposita:2021-11-08</subfield>
  </datafield>
</record>
</collection>